Loading...
Consumer preference for Branded Tea with special reference to the Brand Survay.
| Main Author: | |
|---|---|
| Language: | English |
| Published: |
Kochi
School of Management Studies
2006
|
| LEADER | 00489nam a22001337a 4500 | ||
|---|---|---|---|
| 005 | 20151215130230.0 | ||
| 008 | 100413t xxu||||| |||| 00| 0 eng d | ||
| 100 | |a Gitanjali, P.S. |9 18485 | ||
| 245 | |a Consumer preference for Branded Tea with special reference to the Brand Survay. | ||
| 260 | |a Kochi |b School of Management Studies |c 2006 | ||
| 500 | |a MBA(FT) | ||
| 942 | |c PR |6 _ | ||
| 999 | |c 113681 |d 113681 | ||
| 952 | |0 0 |1 0 |2 ddc |4 0 |6 _ |7 0 |9 147294 |a SMS |b SMS |c REF |d 2010-04-13 |p SMSP04051 |r 2010-04-13 |w 2010-04-13 |y PR | ||